| 000 | 00992cam a2200229 i 4500 | ||
|---|---|---|---|
| 005 | 20260402101059.0 | ||
| 008 | 250721s2011 jo gr 000 0 ara d | ||
| 082 | 1 | 4 |
_a371.3/ _bه ا ر |
| 100 | 1 |
_aهارون، سمية ياسر _eمؤلف. |
|
| 245 | 1 | 2 |
_aالجزيل في دورة التأهيل / _cإعداد وتأليف سمية ياسر هارون ؛ تدقيق ومراجعة الشيخ عبد الرحمن جبريل، الاستاذ محمد حماد مصطفى، الاستاذ حمود أبو كوتة. |
| 250 | _aالطبعة الأولى. | ||
| 264 | 3 | 1 |
_aعمان : _bالمؤلف، _c2011. |
| 300 | _a109صفحة. | ||
| 650 | 1 | 7 | _aاساليب التدريس. |
| 650 | 1 | 7 | _aطرق التعلم. |
| 650 | 1 | 7 | _aالمدرسون. |
| 700 | 1 |
_aجبريل، عبد الرحمن _eمدقق. |
|
| 700 | 1 |
_aمصطفى، محمد حماد _eمدقق. |
|
| 700 | 1 |
_aكوتة، حمود أحمد. _eمدقق. |
|
| 942 |
_2ddc _cBK |
||
| 999 |
_c125408 _d125408 |
||